[Obyección/ : (Record no. 1145)

MARC details
000 -LEADER
campo de control de longitud fija 00566nam a22001817a 4500
008 - DATOS DE LONGITUD FIJA--INFORMACIÓN GENERAL
campo de control de longitud fija 170211b2016 gt||||| |||| 00| 0 spa d
082 04 - NÚMERO DE LA CLASIFICACIÓN DECIMAL DEWEY
Número de clasificación 861
Número de ítem O149o
110 1# - ENTRADA PRINCIPAL--NOMBRE DE ENTIDAD CORPORATIVA
Nombre de entidad corporativa o nombre de jurisdicción como elemento de entrada Ediciones Bizarras.
9 (RLIN) 5729
245 10 - MENCIÓN DEL TÍTULO
Título [Obyección/ :
Resto del título de- sujetos personales -y- extras] /
Mención de responsabilidad, etc. Ediciones Bizarras.
250 ## - MENCION DE EDICION
Mención de edición 1a ed.
260 ## - PUBLICACIÓN, DISTRIBUCIÓN, ETC.
Lugar de publicación, distribución, etc. Guatemala :
Nombre del editor, distribuidor, etc. Ediciones Bizarras, Publicaciones del Barco Ebrio,
Fecha de publicación, distribución, etc. [2016].
300 ## - DESCRIPCIÓN FÍSICA
Extensión 38 p.
653 10 - TÉRMINO DE INDIZACIÓN--NO CONTROLADO
Término no controlado Literatura
653 10 - TÉRMINO DE INDIZACIÓN--NO CONTROLADO
Término no controlado Poesía
653 10 - TÉRMINO DE INDIZACIÓN--NO CONTROLADO
Término no controlado Literatura - Guatemala
653 10 - TÉRMINO DE INDIZACIÓN--NO CONTROLADO
Término no controlado Arte - Poesía
653 10 - TÉRMINO DE INDIZACIÓN--NO CONTROLADO
Término no controlado Literatura Latinoamericana
Holdings
Estatus retirado Estado de pérdida Fuente del sistema de clasificación o colocación Estado de daño No para préstamo Biblioteca de origen Biblioteca actual Ubicación en estantería Fecha de adquisición Total de préstamos Signatura topográfica completa Código de barras Visto por última vez Precio de reemplazo Tipo de ítem Koha
    Clasificación Decimal Dewey     Biblioteca LadoV Biblioteca LadoV   11/02/2017   861 O149o 004270 11/02/2017 11/02/2017 Material 01